000 02557nmm a2200301 a 4500
003 CO-CtgCURN
005 20250721150822.0
008 230420s9999 xx f 000 0 und d
040 _aCO-CtgCURN
_bspa
_ccoctgcurn
082 _aENF 2022
_bB276e
100 _aBarrios Díaz, Anyelis Paola
_eautora
_97062
245 0 _aEfectividad de la terapia ECMO en el manejo de los pacientes complicados de covid-19: Una revisión sistemática
_h[electronic resource] /
_cAnyelis Paola Barrios Díaz; Aldair Ricardo Caliz García; Ivonne del Carmen Hernández De Ávila; Criselys Torres Sanjuán; tutor., Hernando José Gutiérrez Jaramillo
260 _aBarranquilla, Atlántico :
_bCorporación Universitaria Rafael Núñez,
_c2022
300 _a1 recurso en línea (57 páginas (PDF)) :
_btablas, gráficas
502 _aTrabajo de Grado (Enfermera). Corporación Universitaria Rafael Núñez. Facultad de Ciencias de la Salud. Programa de Enfermería, 2022
504 _aIncluye referencias bibliográficas
520 _aLa Organización Mundial de la Salud - OMS, indica que el COVID-19 es una enfermedad causada por el nuevo coronavirus conocido como SARS-CoV-2, la cual, manifiesta una amplia variedad de signos y síntomas, estos incluyen: Fiebre, tos, dificultad para respirar, fatiga, dolor de cabeza, congestión nasal, entre otros, estos se relacionan con el periodo de incubación estimado entre 2 y 14 días, con una media de 5 días. Sin embargo, algunas personas infectadas son asintomáticas, los pacientes con COVID-19 tienen síntomas moderados y se recuperan rápidamente, pero algunos de ellos desarrollan insuficiencia respiratoria grave y síndrome de dificultad respiratoria aguda (SDRA) que requieren ingreso en cuidados intensivos. Es por ello que se recomienda el uso de terapias de oxigenación por membrana extracorpórea (ECMO) como terapia de apoyo.
521 _aAREA PROFESIONAL
590 _aPrograma de Enfermería_27
650 _aEnfermería
_vTesis y disertaciones académicas
_97063
700 _aCaliz García, Aldair Ricardo
_eautor
_97064
700 _aGutiérrez Jaramillo, Hernando José
_etutor
_97065
700 _aHernández De Ávila, Ivonne Del Carmen
_eautora
_97066
700 _aTorres Sanjuán, Criselys
_eautora
_97067
856 _uhttps://unicurn.sharepoint.com/:b:/s/biblioteca/ETGnBjctQEVLpcBSS0GG2A0BPdM2Cc6OnyR5OPYcRDaGuw?e=RuvXUe
_yConsulte aquí el texto completo
942 _cTG
_hENF 2022
_iB276e
_2ddc
_n0
999 _c626
_d626